| 000 | 00476nam a2200157Ia 4500 | ||
|---|---|---|---|
| 003 | OSt | ||
| 005 | 20200617153357.0 | ||
| 008 | 190216s9999||||xx |||||||||||||| ||und|| | ||
| 040 | _coclc | ||
| 082 |
_a954 _bSAS/A |
||
| 100 |
_aSastri, K A Nilakanta _93026 |
||
| 245 | 0 |
_aAdvanced History Of India / _cK A Nilakanta Sastri ; G Srinivaschari |
|
| 260 |
_bAllied Publishers, _aBombay: _c1970. |
||
| 300 | _a872p | ||
| 942 |
_cBK _2ddc _h954 _iSAS/A _k954 _mSAS/A |
||
| 999 |
_c18989 _d18989 |
||